Sloužil jsem v Gaze /
Autor popisuje zážitky ze své služby v izraelské armádě v pásmu Gazy v průběhu devadesátých let minulého století.
Uloženo v:
| Hlavní autor: | |
|---|---|
| Médium: | E-audiokniha |
| Jazyk: | Czech |
| Vydáno: |
V Brně :
CPress,
2024
|
| Vydání: | 1. vydání |
| Témata: | |
| Tagy: |
Žádné tagy |
| LEADER | 05728nam a2201321 i 4500 | ||
|---|---|---|---|
| 001 | 313363 | ||
| 003 | CZ PrSKC | ||
| 005 | 20260601215740.0 | ||
| 007 | ta | ||
| 008 | 240527s2024 xr acf e 000 0acze | ||
| 015 | |a cnb003607876 | ||
| 020 | |a 9788026452485 |q (vázáno) : |c Kč 399,00 | ||
| 035 | |a (OCoLC)1451769898 | ||
| 040 | |a BOA001 |b cze |d OLA001 |d ABA001 |e rda | ||
| 043 | |a a-is--- |a e-xr--- | ||
| 045 | |a x9y0 | ||
| 072 | 7 | |a 355/359 |x Vojenství. Obrana země. Ozbrojené síly |2 Konspekt | |
| 072 | 7 | |a 929 |x Biografie |2 Konspekt | |
| 080 | |a 355.11 |2 MRF | ||
| 080 | |a 070.42 |2 MRF | ||
| 080 | |a 005.572-051 |2 MRF | ||
| 080 | |a (=162.3) |2 MRF | ||
| 080 | |a 913:910.4 |2 MRF | ||
| 080 | |a 929 |2 MRF | ||
| 080 | |a 913(569.4) |2 MRF | ||
| 080 | |a (569.4) |2 MRF | ||
| 080 | |a (437.3) |2 MRF | ||
| 080 | |a (0:82-94) |2 MRF | ||
| 080 | |a (047.53) |2 MRF | ||
| 100 | 1 | |a Shorf, David |7 xx0318603 |4 aut | |
| 245 | 1 | 0 | |a Sloužil jsem v Gaze / |c David Shorf |
| 250 | |a 1. vydání | ||
| 264 | 1 | |a V Brně : |b CPress, |c 2024 | |
| 300 | |a 229 stran, 8 nečíslovaných stran obrazových příloh : |b barevné ilustrace, portréty ; |c 22 cm | ||
| 336 | |a text |b txt |2 rdacontent | ||
| 337 | |a bez média |b n |2 rdamedia | ||
| 338 | |a svazek |b nc |2 rdacarrier | ||
| 520 | 2 | |a Autor popisuje zážitky ze své služby v izraelské armádě v pásmu Gazy v průběhu devadesátých let minulého století. | |
| 600 | 1 | 7 | |a Shorf, David |7 xx0318603 |2 czenas |
| 648 | 7 | |a 1991-2000 |7 ch460587 |2 czenas | |
| 648 | 7 | |a 20.-21. století |7 ch462155 |2 czenas | |
| 648 | 7 | |a 21. století |7 ch460559 |2 czenas | |
| 650 | 0 | 7 | |a vojáci |7 ph127219 |z Česko |y 1991-2000 |2 czenas |
| 650 | 0 | 7 | |a novináři |7 ph123339 |z Česko |y 20.-21. století |2 czenas |
| 650 | 0 | 7 | |a koučové |7 ph909382 |z Česko |y 21. století |2 czenas |
| 650 | 0 | 7 | |a Češi |7 ph128067 |z Izrael |y 1991-2000 |2 czenas |
| 650 | 0 | 7 | |a cesty a pobyt |7 ph137578 |z Izrael |y 1991-2000 |2 czenas |
| 650 | 0 | 9 | |a soldiers |z Czechia |y 1991-2000 |2 eczenas |
| 650 | 0 | 9 | |a journalists |z Czechia |y 20th-21st centuries |2 eczenas |
| 650 | 0 | 9 | |a personal coaches |z Czechia |y 21st century |2 eczenas |
| 650 | 0 | 9 | |a Czechs |z Israel |y 1991-2000 |2 eczenas |
| 650 | 0 | 9 | |a travels and stays |z Israel |y 1991-2000 |2 eczenas |
| 651 | 7 | |a Izrael |7 ge129403 |x reálie |y 1991-2000 |2 czenas | |
| 651 | 9 | |a Israel |x description and travel |y 1991-2000 |2 eczenas | |
| 655 | 7 | |a autobiografické vzpomínky |7 fd131854 |2 czenas | |
| 655 | 7 | |a rozhovory |7 fd133303 |2 czenas | |
| 655 | 9 | |a autobiographical reminiscences |2 eczenas | |
| 655 | 9 | |a interviews |2 eczenas | |
| 900 | |a ABA001 |b 19 | ||
| 928 | 9 | |a Albatros Media - CPress | |
| 044 | |a xr | ||
| 505 | 0 | 0 | |t Uvod (3 min., 24 sek.) |
| 505 | 0 | 0 | |t Jsi Zid, nic si vybirat nemuzes (4 min., 53 sek.) |
| 505 | 0 | 0 | |t Punk is not dead a ja jsem Zid a zdrav (3 min., 6 sek.) |
| 505 | 0 | 0 | |t Poslete ho do Izraele (7 min., 36 sek.) |
| 505 | 0 | 0 | |t Poprve v Izraeli (8 min., 22 sek.) |
| 505 | 0 | 0 | |t Alija neboli emigrace (2 min., 27 sek.) |
| 505 | 0 | 0 | |t Vse smeruje do armady (9 min., 41 sek.) |
| 505 | 0 | 0 | |t Podivne setkani s muzem jmenem Pini (9 min., 46 sek.) |
| 505 | 0 | 0 | |t Jedu se vyfotit v ceske uniforme (7 min., 17 sek.) |
| 505 | 0 | 0 | |t Posledni sance, jak se vyhnout armade? Dr. Kulka (2 min., 46 sek.) |
| 505 | 0 | 0 | |t Povolavak (1 min., 36 sek.) |
| 505 | 0 | 0 | |t Odjezd do armady (2 min., 37 sek.) |
| 505 | 0 | 0 | |t Zakladna pro prijem (7 min., 5 sek.) |
| 505 | 0 | 0 | |t Tovarna na vojaky (13 min., 29 sek.) |
| 505 | 0 | 0 | |t Ztraceny vojak (4 min., 44 sek.) |
| 505 | 0 | 0 | |t Rusove a zmrzlina (8 min., 7 sek.) |
| 505 | 0 | 0 | |t Zakladni vycvik (6 min., 23 sek.) |
| 505 | 0 | 0 | |t Moje první M-16 (6 min., 21 sek.) |
| 505 | 0 | 0 | |t Udelejte CH (23 min., 10 sek.) |
| 505 | 0 | 0 | |t Nacviky nasucho (10 min., 41 sek.) |
| 505 | 0 | 0 | |t Jak zmlatit nepritele samopalem (7 min., 28 sek.) |
| 505 | 0 | 0 | |t Sabesovy sroubek (10 min., 27 sek.) |
| 505 | 0 | 0 | |t Prvni ostre strelby (10 min., 59 sek.) |
| 505 | 0 | 0 | |t Atentat na premiera (8 min., 6 sek.) |
| 505 | 0 | 0 | |t Opustak v dobe truchleni (12 min., 21 sek.) |
| 505 | 0 | 0 | |t Ted se budeme ucit strilet z uzi. Nezabijte se! (4 min., 19 sek.) |
| 505 | 0 | 0 | |t Angina aneb klidne vam tady umru (6 min., 5 sek.) |
| 505 | 0 | 0 | |t Na strazi s nejlepsim kamaradem (6 min., 58 sek.) |
| 505 | 0 | 0 | |t Prisaha (4 min., 35 sek.) |
| 505 | 0 | 0 | |t Paramedik, anebo chemicke zbrane (13 min., 48 sek.) |
| 505 | 0 | 0 | |t Test odvahy (9 min., 15 sek.) |
| 505 | 0 | 0 | |t Mam hlad, nakrmi me Palestinec (10 min., 31 sek.) |
| 505 | 0 | 0 | |t Setkani s Netanjahuem (4 min., 32 sek.) |
| 505 | 0 | 0 | |t Chci tri gimmely (9 min., 5 sek.) |
| 505 | 0 | 0 | |t Okupovana uzemi (19 min., 6 sek.) |
| 505 | 0 | 0 | |t Na patrole s palestinskymi policisty (5 min., 37 sek.) |
| 505 | 0 | 0 | |t Jak se jmenuje ten osel? (10 min., 33 sek.) |
| 505 | 0 | 0 | |t Zblaznil se nam Paul (6 min., 57 sek.) |
| 505 | 0 | 0 | |t Malem jsem zabil velitele (5 min., 10 sek.) |
| 505 | 0 | 0 | |t Smrt inzenyra (11 min., 49 sek.) |
| 505 | 0 | 0 | |t Mimoradna situace (10 min., 24 sek.) |
| 505 | 0 | 0 | |t Hlavne ne do Gazy (5 min., 35 sek.) |
| 505 | 0 | 0 | |t Hruza, blato, dest a panak (4 min., 5 sek.) |
| 505 | 0 | 0 | |t Prustrelne neprustrelna skla (8 min., 33 sek.) |
| 505 | 0 | 0 | |t Kulka v brise (11 min., 13 sek.) |
| 505 | 0 | 0 | |t Necekana navsteva (3 min., 58 sek.) |
| 505 | 0 | 0 | |t Epilog (8 min., 10 sek.) |
| 505 | 0 | 0 | |t Kecy a politika – knizni special (1 hod., 16 min., 49 sek.) |
| 505 | 0 | 0 | |t O autorech (1 min., 54 sek.) |
| 910 | |a RBIT002 | ||
| 998 | |d 413999 |a https://core.palmknihy.cz/api/books/413999/cover?sjcdn5 |b https://core.palmknihy.cz/api/books/413999/cover/400?sjcdn5 |c https://core.palmknihy.cz/api/books/413999/cover/50?sjcdn5 |e 2034-12-31 |i 9788026452485 |l 27120 |q 49 |r 1 |s https://www.palmknihy.cz/kniha/413999 |t audiobook |y 2024 |z 0 | ||
| 999 | |d 313361 | ||